000 00318nam a22001337a 4500
008 190306b xxu||||| |||| 00| 0 eng d
020 _a9780735615779
041 _aeng
080 _a004
100 _a28
101 _aSHK
245 _aActive Directory for Microsoft Windows server 2003
_cReimer,S
942 _2udc
_cBK
999 _c54611
_d54611